00746nam a2200181 a 4500008004100000020001800041050001400059100002100073245008900094250001200183260004200195300002200237650004800259700001700307995009300324999001700417952013000434130911s2013 ||||||||||||||||| || u a9781446252376 aHD 77 Res aHarper, Caroline10aResearch for development: a practical guide. ( 2nd ed.)cby Sophie Laws (and others) a2nd ed. aLos Angeles:bSAGE Publicationsc2013 axvii, 425p.: ill. 0aECONOMIC DEVELOPMENT--RESEARCH--METHODOLOGY aLaws, Sophie FCBU-MAIN LIBRARY (Kitwe)M1UAVAILABLEWOct 2, 2013ZMain Library Open Access Collection c56297d56297 00102lcc4070a001b001cMain Library Open Access Collectiond2022-11-30l0oHD 77 Resp744510r2022-11-30w2022-11-30y002